[Event "Honefoss CC-ch"]
[Site "Honefoss"]
[Date "2013.04.16"]
[Round "8"]
[White "Dyrdal, Arnbjorn"]
[Black "Kvamme, Roy"]
[Result "0-1"]
[WhiteElo "1914"]
[BlackElo "1992"]
[PlyCount "82"]
[EventDate "2013.01.08"]
[EventType "swiss"]
[EventRounds "9"]
[EventCountry "NOR"]
[SourceTitle "EXT 2024"]
[Source "ChessBase"]
[SourceDate "2023.10.10"]
[SourceVersion "1"]
[SourceVersionDate "2023.10.10"]
[SourceQuality "1"]

1. d4 Nf6 2. c4 d6 3. Nf3 Bf5 4. Nc3 h6 5. g3 c6 6. Bg2 Qc8 7. 0-0 g5 8. Re1 Ne4 9. Nd2 Nxc3 10. bxc3 Bg7 11. e4 Bh7 12. Nf3 Nd7 13. h4 gxh4 14. Nxh4 Nb6 15. Bf1 Qe6 16. Kh2 Bf6 17. Ng2 Qd7 18. a4 Qc7 19. Nf4 h5 20. Nh3 0-0-0 21. a5 Nd7 22. Bg2 e5 23. Be3 c5 24. d5 Be7 25. Ng5 Bg6 26. Bh3 Kb8 27. Bxd7 Qxd7 28. f3 Rdg8 29. Nh3 f5 30. Nf2 h4 31. g4 fxe4 32. fxe4 h3 33. Qa4 Qc8 34. g5 Be8 35. Qd1 Bxg5 36. Bxg5 Rxg5 37. Rg1 Bh5 38. Qd2 Rg2+ 39. Rxg2 hxg2 40. Kxg2 Qg8+ 41. Kf1 Bf3 0-1